000 00882nam a22002177a 4500
003 NALT
005 20241212142026.0
008 s2008 th ||||| |||| 00| 0 tha d
040 _aNALT
090 _aKD 69
_bC66C 2004
110 2 _aThe Constitutional Court of Thailand.
_914549
245 1 4 _aThe constitutional court rulings 2004 /
_cThe Constitutional Court of Thailand.
260 _aBangkok :
_bOffice of the Constitutional Court,
_c2008.
300 _a297 p. ;
_b
_c26 cm.
610 2 0 _aThe Constitutional Court of Thailand
_xRulings
_929361
610 2 4 _aศาลรัฐธรรมนูญ
_xคำวินิจฉัย
_917548
650 0 _aConstitutional law
_zThailand
_914552
850 _aNALT
942 _cLB
_2local
998 _bชวนพิชญ์ รัตนาไพบูลย์
_bphon
_j1020
_k นางจำเรียง ระวังสำโรง
999 _c66927
_d66927